| 000 | 00748nam a22002297a 4500 | ||
|---|---|---|---|
| 999 |
_c3354 _d3354 |
||
| 003 | AR-CdUCM | ||
| 008 | 190306b ||||| |||| 00| 0 spa d | ||
| 040 |
_aMUNICIPALIDAD PROVINCIAL DEL CUSCO _cBIBLIOTECA MUNICIPAL DEL CUSCO |
||
| 082 |
_23ed. _a869.15 / _bM58 |
||
| 100 |
_aMillares Carlo, Agustín _911112 |
||
| 245 |
_aAntología latina : _bProsistas / |
||
| 260 |
_aMéxico, D. F : _bPatria, _c1966. |
||
| 300 |
_a276 paginas ; _c20 cm. |
||
| 505 | _aNarrationes -- Lhomond: De viris illustribus urbis romae -- Cayo Julio Cesar ... | ||
| 650 |
_aAntologías _91326 |
||
| 650 |
_aProsistas _9399 |
||
| 650 |
_aNarraciones _9930 |
||
| 650 |
_aObras filosóficas _911113 |
||
| 650 |
_aGramatica _99175 |
||
| 942 |
_2ddc _cLIBROS |
||
| 945 | _aacv | ||